00769nam a22002177a 450000500170000001000150001702000260003202000230005803500140008103700130009508200150010810000180012324500620014126000450020327000640024830000300031250000340034294200290037699900190040595201270042420161108124604.0 aENG-116478 c875.00a9780199459223 c875.00a0199459223 aEN-100010 bDBAD/PUB a355.033554 aKarnad,Bharat aWhy India is not a great power (yet) /cby Bharat Karnad  aNew DelhibOxford University Pressc2016 aYMCA Library Building, 1 Jai Singh Road,bNew Delhie110001 axiii,553p.c23cm(Hb)bmap aIncludes references and index 2ddccENmKARh355.033554 c104517d104517 001040718NFICaDBADbBNd2016-11-08eDBAD/PUBg875.00l0o355.033554 KARpEN-100010r2016-11-08 00:00:00t1v875.00yEN